[Event "Madrid 2021-2022 ch - Previa B"]
[Site "Madrid ESP"]
[Date "2022.03.18"]
[Round "6.17"]
[White "Bartolome Benito, Alejandro"]
[Black "Muminov, Suhayl"]
[Result "1-0"]
[WhiteElo "1553"]
[BlackElo "1658"]
[PlyCount "105"]
[EventDate "2022.03.03"]
[EventType "swiss"]
[EventRounds "9"]
[EventCountry "ESP"]
[SourceTitle "Ajedrez en Madrid"]
[Source "lmi"]
[SourceDate "2022.03.04"]
[SourceVersion "1"]
[SourceVersionDate "2022.03.24"]
[SourceQuality "1"]

1. e4 c6 2. d4 d5 3. exd5 cxd5 4. Bd3 Nc6 5. c3 Nf6 6. Bf4 Bg4 7. Qb3 Qd7 8.
Nd2 e6 9. Ngf3 Bd6 10. Ne5 Qc7 11. Nxg4 Nxg4 12. Bxd6 Qxd6 13. Nf3 O-O 14. Qd1
Nf6 15. O-O a6 16. Qe2 Rfc8 17. Ne5 b5 18. f4 Nd7 19. Qh5 g6 20. Qh6 Qf8 21.
Qh4 Rc7 22. Rf3 f5 23. Rh3 Ndxe5 24. fxe5 Qe7 25. Qf4 b4 26. g4 bxc3 27. bxc3
Qf7 28. gxf5 gxf5 29. Kh1 Kh8 30. Rg1 Rg8 31. Qh6 Rxg1+ 32. Kxg1 Qg7+ 33. Kf1
Qxh6 34. Rxh6 Nd8 35. Rf6 Kg7 36. Bxa6 Rxc3 37. a4 Rc2 38. a5 Rxh2 39. Bc8 Rh6
40. Rxh6 Kxh6 41. Bd7 Nb7 42. a6 Kg5 43. axb7 h5 44. b8=Q h4 45. Bxe6 h3 46.
Qg8+ Kf4 47. Kf2 Ke4 48. Qg3 f4 49. Qxh3 f3 50. Bxd5+ Kxd4 51. e6 Kc5 52. e7
Kd4 53. e8=Q 1-0

[Event "Madrid 2021-2022 ch - Previa B"]
[Site "Madrid ESP"]
[Date "2022.03.18"]
[Round "6.18"]
[White "Gonzalez Pena, David I"]
[Black "Torres Rebolledo, Marcos"]
[Result "0-1"]
[WhiteElo "1600"]
[BlackElo "1478"]
[PlyCount "28"]
[EventDate "2022.03.03"]
[EventType "swiss"]
[EventRounds "9"]
[EventCountry "ESP"]
[SourceTitle "Ajedrez en Madrid"]
[Source "lmi"]
[SourceDate "2022.03.04"]
[SourceVersion "1"]
[SourceVersionDate "2022.03.24"]
[SourceQuality "1"]

1. e4 c5 2. Nf3 d6 3. b4 cxb4 4. a3 Nf6 5. Bb5+ Bd7 6. Qe2 Qc7 7. Bxd7+ Nbxd7
8. d4 bxa3 9. Nxa3 Qc3+ 10. Qd2 Qxa1 11. e5 Ne4 12. Qe3 Qc3+ 13. Qxc3 Nxc3 14.
O-O Ne2+ 0-1

[Event "Madrid 2021-2022 ch - Previa B"]
[Site "Madrid ESP"]
[Date "2022.03.18"]
[Round "6.19"]
[White "Rebollo Rico, Ignacio"]
[Black "Lazaro Azcutia, Miguel"]
[Result "0-1"]
[WhiteElo "1241"]
[BlackElo "1579"]
[PlyCount "100"]
[EventDate "2022.03.03"]
[EventType "swiss"]
[EventRounds "9"]
[EventCountry "ESP"]
[SourceTitle "Ajedrez en Madrid"]
[Source "lmi"]
[SourceDate "2022.03.04"]
[SourceVersion "1"]
[SourceVersionDate "2022.03.24"]
[SourceQuality "1"]

1. d4 d5 2. Nf3 Nf6 3. e3 e6 4. Bd3 c5 5. c3 Bd6 6. Nbd2 b6 7. Qe2 Bb7 8. O-O
Nbd7 9. e4 dxe4 10. Nxe4 Nxe4 11. Bxe4 Bxe4 12. Qxe4 O-O 13. Ng5 Nf6 14. Qh4
cxd4 15. Qxd4 Qc7 16. Nf3 Rfd8 17. Qh4 Rd7 18. Bg5 Nd5 19. Qe4 Rc8 20. Rfd1 Ne7
21. Bxe7 Bxe7 22. Ne5 Rd6 23. Nf3 Rcd8 24. Qe1 Bf6 25. Rac1 Qd7 26. Rxd6 Qxd6
27. h3 Kf8 28. g4 Qd5 29. Qe3 Qxa2 30. g5 Be7 31. Qe2 Qd5 32. h4 Qf5 33. Nd4
Qf4 34. Rd1 Qxh4 35. Nf3 Qg4+ 36. Kf1 Qh3+ 37. Kg1 Qg4+ 38. Kf1 Rxd1+ 39. Qxd1
Qc4+ 40. Kg1 Qd5 41. Qxd5 exd5 42. Kg2 f6 43. gxf6 Bxf6 44. Kg3 Ke7 45. Kf4 Ke6
46. Nd4+ Bxd4 47. cxd4 a5 48. b3 b5 49. f3 a4 50. Ke3 a3 0-1

[Event "Madrid 2021-2022 ch - Previa B"]
[Site "Madrid ESP"]
[Date "2022.03.18"]
[Round "6.21"]
[White "Montoya Cabrera, Ernesto Aleja"]
[Black "Sanchez Gonzalez, Samuel"]
[Result "1/2-1/2"]
[WhiteElo "1551"]
[BlackElo "1458"]
[PlyCount "35"]
[EventDate "2022.03.03"]
[EventType "swiss"]
[EventRounds "9"]
[EventCountry "ESP"]
[SourceTitle "Ajedrez en Madrid"]
[Source "lmi"]
[SourceDate "2022.03.04"]
[SourceVersion "1"]
[SourceVersionDate "2022.03.24"]
[SourceQuality "1"]

1. d4 Nf6 2. c4 g6 3. Nf3 d5 4. g3 Bg7 5. Bg2 O-O 6. O-O dxc4 7. Qc2 Bf5 8.
Qxc4 Nc6 9. Nc3 e6 10. Re1 Nd5 11. a3 Nb6 12. Qb3 Bxd4 13. Rd1 Qf6 14. Nb5 Rad8
15. Bg5 Qg7 16. Bxd8 Na5 17. Qb4 Nc6 18. Qb3 1/2-1/2

[Event "Madrid 2021-2022 ch - Previa B"]
[Site "Madrid ESP"]
[Date "2022.03.19"]
[Round "7.1"]
[White "Santamaria Baeza, Adolfo"]
[Black "Portero Rubio, Martin"]
[Result "1-0"]
[WhiteElo "1875"]
[BlackElo "1846"]
[PlyCount "127"]
[EventDate "2022.03.03"]
[EventType "swiss"]
[EventRounds "9"]
[EventCountry "ESP"]
[SourceTitle "Ajedrez en Madrid"]
[Source "lmi"]
[SourceDate "2022.03.04"]
[SourceVersion "1"]
[SourceVersionDate "2022.03.24"]
[SourceQuality "1"]

1. e4 c5 2. Nf3 e6 3. d4 cxd4 4. Nxd4 a6 5. Nc3 b5 6. Be3 Bb7 7. Bd3 Qc7 8. O-O
Nf6 9. a3 d6 10. Re1 Be7 11. Qf3 O-O 12. Qg3 Kh8 13. Qh3 Nbd7 14. Nf3 Ne5 15.
Nxe5 dxe5 16. Bg5 Rfd8 17. Re3 Ng8 18. Rg3 Rac8 19. Qh4 Bxg5 20. Qxg5 f6 21.
Qg4 Qf7 22. h4 Nh6 23. Qh3 Rd4 24. Rf1 Rxc3 25. bxc3 Ra4 26. Ra1 Bxe4 27. Bxe4
Rxe4 28. Rd3 f5 29. Rd8+ Ng8 30. Rad1 Qh5 31. g3 h6 32. Qg2 Kh7 33. f3 Rc4 34.
R1d3 Nf6 35. R8d6 e4 36. fxe4 Rxe4 37. Qf3 Qg6 38. Re3 Rxh4 39. Rexe6 Rg4 40.
Rxf6 gxf6 41. Qb7+ Qg7 42. Rd7 Rxg3+ 43. Kf2 Rg2+ 44. Ke1 Rg1+ 45. Kd2 Rg2+ 46.
Kc1 Rg1+ 47. Kb2 h5 48. Rxg7+ Rxg7 49. Qf3 Rg5 50. a4 h4 51. axb5 axb5 52. Qb7+
Kh6 53. Qxb5 h3 54. Qf1 h2 55. c4 Rh5 56. Qh1 Kg7 57. Kc3 f4 58. Kd2 f5 59. Ke2
Kf6 60. Kf2 Ke5 61. c5 Ke6 62. c6 Kd6 63. Qd1+ Kc7 64. Qxh5 1-0

[Event "Madrid 2021-2022 ch - Previa B"]
[Site "Madrid ESP"]
[Date "2022.03.19"]
[Round "7.2"]
[White "Lozano Freras, Sergio"]
[Black "Ruiz Vazquez, Javier"]
[Result "0-1"]
[WhiteElo "1990"]
[BlackElo "1725"]
[PlyCount "70"]
[EventDate "2022.03.03"]
[EventType "swiss"]
[EventRounds "9"]
[EventCountry "ESP"]
[SourceTitle "Ajedrez en Madrid"]
[Source "lmi"]
[SourceDate "2022.03.04"]
[SourceVersion "1"]
[SourceVersionDate "2022.03.24"]
[SourceQuality "1"]

1. e4 c5 2. Nf3 d6 3. d4 cxd4 4. Nxd4 Nf6 5. Nc3 a6 6. Be3 e5 7. Nf3 b5 8. a4
b4 9. Nd5 Nbd7 10. Nxb4 Bb7 11. Bc4 Nxe4 12. O-O Be7 13. Bd5 Bxd5 14. Nxd5 O-O
15. a5 Nef6 16. Bb6 Nxb6 17. Nxb6 Ra7 18. c4 Re8 19. b4 d5 20. Nxd5 Nxd5 21.
Qxd5 Qxd5 22. cxd5 Bxb4 23. Rfb1 Bc3 24. Ra3 Rc7 25. d6 Rc5 26. d7 Rd8 27. Rc1
Rxd7 28. Kf1 Rdc7 29. Rb3 f6 30. Rb6 e4 31. Ne1 Bxa5 32. Rxc5 Bxb6 33. Rd5 a5
34. Rb5 Rc6 35. Nc2 Bxf2 0-1

[Event "Madrid 2021-2022 ch - Previa B"]
[Site "Madrid ESP"]
[Date "2022.03.19"]
[Round "7.3"]
[White "Baeza Escudero, Javier"]
[Black "Feal Albala, Alonso"]
[Result "0-1"]
[WhiteElo "1849"]
[BlackElo "1809"]
[PlyCount "76"]
[EventDate "2022.03.03"]
[EventType "swiss"]
[EventRounds "9"]
[EventCountry "ESP"]
[SourceTitle "Ajedrez en Madrid"]
[Source "lmi"]
[SourceDate "2022.03.04"]
[SourceVersion "1"]
[SourceVersionDate "2022.03.24"]
[SourceQuality "1"]

1. e4 c5 2. Nf3 Nc6 3. d4 cxd4 4. Nxd4 Nf6 5. Nc3 e5 6. Ndb5 d6 7. Bg5 a6 8.
Na3 b5 9. Bxf6 gxf6 10. Nd5 f5 11. g3 fxe4 12. Bg2 Bf5 13. g4 Rg8 14. Ne3 Bg6
15. c3 Bh6 16. Nac2 Bg5 17. Qd5 Ne7 18. Qb7 d5 19. Rd1 Bxe3 20. Nxe3 d4 21.
cxd4 exd4 22. Rxd4 Qxd4 23. Qxa8+ Kd7 24. Qb7+ Ke8 25. O-O Kf8 26. Rd1 Qe5 27.
b3 Qe6 28. h4 h5 29. g5 Kg7 30. Rd4 Qe5 31. Rd7 Nf5 32. Nxf5+ Qxf5 33. Qxa6
Qxd7 34. Qf6+ Kh7 35. Bxe4 Qg4+ 36. Bg2 Rc8 37. Qb2 Be4 38. f3 Bxf3 0-1

[Event "Madrid 2021-2022 ch - Previa B"]
[Site "Madrid ESP"]
[Date "2022.03.19"]
[Round "7.4"]
[White "Marin Aso, Jose Luis"]
[Black "Simonyan, Arturo"]
[Result "0-1"]
[WhiteElo "1834"]
[BlackElo "1923"]
[PlyCount "72"]
[EventDate "2022.03.03"]
[EventType "swiss"]
[EventRounds "9"]
[EventCountry "ESP"]
[SourceTitle "Ajedrez en Madrid"]
[Source "lmi"]
[SourceDate "2022.03.04"]
[SourceVersion "1"]
[SourceVersionDate "2022.03.24"]
[SourceQuality "1"]

1. e4 c5 2. Nf3 d6 3. d4 cxd4 4. Nxd4 Nf6 5. Nc3 a6 6. Be2 e6 7. O-O Nbd7 8. f4
Qc7 9. a4 b6 10. Bf3 Bb7 11. Kh1 h5 12. Be3 Nc5 13. e5 dxe5 14. fxe5 Ng4 15.
Bf4 Rd8 16. b4 Nd7 17. Nxe6 fxe6 18. Bxg4 hxg4 19. Qxg4 Nb8 20. Qxe6+ Qe7 21.
Qg4 Rd4 22. Qg6+ Kd7 23. Qxb6 Qxb4 24. e6+ Ke8 25. Qc7 Bd6 26. Qf7+ Kd8 27.
Rab1 Rxf4 28. e7+ Kc8 29. e8=Q+ Rxe8 30. Qxe8+ Kc7 31. Rxf4 Qxf4 32. Nd5+ Bxd5
33. Qxb8+ Kd7 34. Qa7+ Bc7 35. Qg1 Qxa4 36. Rd1 Qe4 0-1

[Event "Madrid 2021-2022 ch - Previa B"]
[Site "Madrid ESP"]
[Date "2022.03.19"]
[Round "7.5"]
[White "Lopez Herrero, Israel"]
[Black "Cabanas Bravo, Juan Andres"]
[Result "1-0"]
[WhiteElo "1683"]
[BlackElo "1903"]
[PlyCount "85"]
[EventDate "2022.03.03"]
[EventType "swiss"]
[EventRounds "9"]
[EventCountry "ESP"]
[SourceTitle "Ajedrez en Madrid"]
[Source "lmi"]
[SourceDate "2022.03.04"]
[SourceVersion "1"]
[SourceVersionDate "2022.03.24"]
[SourceQuality "1"]

1. e4 e5 2. Nf3 Nc6 3. Bb5 Bc5 4. d3 Qf6 5. Nc3 Nge7 6. Bg5 Qg6 7. h4 h6 8. h5
Qd6 9. Bh4 Nd4 10. Bc4 c6 11. Bg3 Nxf3+ 12. Qxf3 O-O 13. Ne2 b5 14. Bb3 a5 15.
a3 a4 16. Ba2 Qc7 17. O-O d6 18. Bh4 Ra7 19. Qg3 Kh8 20. Qf3 Qd7 21. Ng3 Qg4
22. Qxg4 Bxg4 23. Kh2 Be6 24. f4 Bxa2 25. Rxa2 exf4 26. Rxf4 d5 27. Rf3 Bd6 28.
Kh3 Bxg3 29. Bxg3 dxe4 30. dxe4 Nc8 31. Ra1 Re7 32. Re1 Rfe8 33. e5 Nb6 34. b3
Kg8 35. Rc3 Re6 36. Rd3 axb3 37. cxb3 Ra8 38. Rf1 Kf8 39. Rdf3 Rxa3 40. Rxf7+
Kg8 41. Rb7 c5 42. Rb8+ Kh7 43. Rff8 1-0

[Event "Madrid 2021-2022 ch - Previa B"]
[Site "Madrid ESP"]
[Date "2022.03.19"]
[Round "7.6"]
[White "Torres Rebolledo, Alvaro"]
[Black "Cuellar Gutierrez, Raul"]
[Result "1-0"]
[WhiteElo "1705"]
[BlackElo "1948"]
[PlyCount "139"]
[EventDate "2022.03.03"]
[EventType "swiss"]
[EventRounds "9"]
[EventCountry "ESP"]
[SourceTitle "Ajedrez en Madrid"]
[Source "lmi"]
[SourceDate "2022.03.04"]
[SourceVersion "1"]
[SourceVersionDate "2022.03.24"]
[SourceQuality "1"]

1. e4 e6 2. Qe2 d6 3. d4 Nf6 4. Nf3 Be7 5. g3 O-O 6. Bg2 b6 7. O-O Bb7 8. Nbd2
Nbd7 9. b3 c5 10. Bb2 cxd4 11. Nxd4 Re8 12. c4 a6 13. Rac1 Qc7 14. f4 e5 15.
Nf5 Bf8 16. Qd3 exf4 17. Rxf4 Ne5 18. Qe2 Rad8 19. Rcf1 Bc8 20. Ne3 Be6 21. Bd4
Rb8 22. Nb1 b5 23. Nc3 bxc4 24. Rxf6 gxf6 25. Ncd5 Qc6 26. Nxf6+ Kh8 27. Qh5 h6
28. Nxe8 Rxe8 29. Nf5 Bxf5 30. Rxf5 c3 31. Be3 c2 32. Rf1 Re6 33. Bh3 Qxe4 34.
Bc1 Qg6 35. Qh4 Re8 36. Bf5 Qg7 37. g4 Ng6 38. Qh3 Kg8 39. Bxc2 Re2 40. Bd3
Rxa2 41. Kh1 Ne5 42. Bf5 Ng6 43. Be4 Re2 44. Bd5 Re5 45. Bb2 a5 46. Bxe5 Nxe5
47. Qg3 Qg5 48. Qf4 Qe7 49. Qf5 Qc7 50. Be4 Ng6 51. h4 Bg7 52. h5 Ne5 53. g5
Qd7 54. Qxd7 Nxd7 55. Bd5 Ne5 56. g6 Kf8 57. gxf7 Ng4 58. Rc1 Nf6 59. Rc8+ Ke7
60. Bf3 Nd7 61. Rc7 Kd8 62. Ra7 Nc5 63. Bd5 Nd7 64. Rxa5 Nf6 65. Bf3 Ke7 66.
Ra7+ Kd8 67. b4 Nd7 68. Bd5 Nb6 69. Be6 d5 70. Rb7 1-0

[Event "Madrid 2021-2022 ch - Previa B"]
[Site "Madrid ESP"]
[Date "2022.03.19"]
[Round "7.7"]
[White "Rodriguez Avila, Alvaro"]
[Black "Aldea Moreno, Marina"]
[Result "1-0"]
[WhiteElo "1949"]
[BlackElo "1611"]
[PlyCount "73"]
[EventDate "2022.03.03"]
[EventType "swiss"]
[EventRounds "9"]
[EventCountry "ESP"]
[SourceTitle "Ajedrez en Madrid"]
[Source "lmi"]
[SourceDate "2022.03.04"]
[SourceVersion "1"]
[SourceVersionDate "2022.03.24"]
[SourceQuality "1"]

1. e4 d6 2. d4 Nf6 3. Nc3 g6 4. Bg5 Bg7 5. e5 Nfd7 6. exd6 cxd6 7. Qd2 h6 8.
Be3 Nf6 9. O-O-O Ng4 10. Bf4 Nd7 11. f3 Ngf6 12. Re1 Nb6 13. Bb5+ Kf8 14. Nge2
Be6 15. Kb1 Rc8 16. g4 Nbd5 17. Ba4 Qb6 18. Bb3 Nxf4 19. Nxf4 Bxb3 20. axb3 Qa5
21. Re2 g5 22. Ng2 Nd5 23. Nxd5 Qxd5 24. Re4 Bf6 25. Ne3 Qc6 26. d5 Qb5 27. Rb4
Qa5 28. Rd1 Rc7 29. Nf5 Be5 30. Rxb7 Qc5 31. b4 Rxb7 32. bxc5 Rxb2+ 33. Kc1 Ra2
34. Qb4 Bf4+ 35. Kb1 Kg8 36. Kxa2 dxc5 37. Qc3 1-0

[Event "Madrid 2021-2022 ch - Previa B"]
[Site "Madrid ESP"]
[Date "2022.03.19"]
[Round "7.9"]
[White "Suarez Hernan, Santiago"]
[Black "Roquero Redondo, Miguel"]
[Result "1-0"]
[WhiteElo "1720"]
[BlackElo "1734"]
[PlyCount "83"]
[EventDate "2022.03.03"]
[EventType "swiss"]
[EventRounds "9"]
[EventCountry "ESP"]
[SourceTitle "Ajedrez en Madrid"]
[Source "lmi"]
[SourceDate "2022.03.04"]
[SourceVersion "1"]
[SourceVersionDate "2022.03.24"]
[SourceQuality "1"]

1. d4 d5 2. Bf4 Nf6 3. e3 e6 4. Nd2 Bd6 5. Bg3 O-O 6. Ngf3 c5 7. c3 Qc7 8. Bd3
Nbd7 9. O-O b6 10. Re1 Bb7 11. e4 dxe4 12. Nxe4 Nxe4 13. Bxe4 Bxe4 14. Rxe4 Nf6
15. Re2 Bxg3 16. hxg3 Rfd8 17. Rd2 Ne4 18. Rd3 Rd5 19. Qe2 Nf6 20. Rad1 cxd4
21. Rxd4 Rad8 22. Rxd5 Rxd5 23. Rxd5 Nxd5 24. Qe5 Qxe5 25. Nxe5 Kf8 26. a3 a6
27. c4 Nc7 28. Nd7+ Ke7 29. Nxb6 Kd6 30. Na4 Kc6 31. Kf1 Ne8 32. Ke2 Nd6 33.
Kd3 f5 34. Nc3 Nf7 35. f4 g5 36. Kd4 h6 37. b4 Nd6 38. c5 Nf7 39. a4 g4 40. b5+
axb5 41. axb5+ Kc7 42. Na4 1-0

[Event "Madrid 2021-2022 ch - Previa B"]
[Site "Madrid ESP"]
[Date "2022.03.19"]
[Round "7.10"]
[White "Lazaro Azcutia, Miguel"]
[Black "Torres Rebolledo, Victor"]
[Result "0-1"]
[WhiteElo "1579"]
[BlackElo "1989"]
[PlyCount "98"]
[EventDate "2022.03.03"]
[EventType "swiss"]
[EventRounds "9"]
[EventCountry "ESP"]
[SourceTitle "Ajedrez en Madrid"]
[Source "lmi"]
[SourceDate "2022.03.04"]
[SourceVersion "1"]
[SourceVersionDate "2022.03.24"]
[SourceQuality "1"]

1. e4 c6 2. d4 d5 3. exd5 cxd5 4. c4 Nf6 5. Nc3 g6 6. Bg5 Nbd7 7. cxd5 Qa5 8.
Qb3 Bg7 9. Nf3 O-O 10. Bd3 a6 11. O-O b5 12. Rfe1 b4 13. Ne4 Nxd5 14. Ng3 e6
15. Ne5 Qb6 16. Rad1 h6 17. Bc1 a5 18. Bc4 N7f6 19. a4 Qc7 20. Bb5 Bb7 21. f4
Rac8 22. Re2 Nb6 23. Qe3 Qd6 24. h4 h5 25. Nf1 Nbd5 26. Qh3 Rc7 27. Nc4 Qd8 28.
Qd3 Ng4 29. g3 Rc8 30. Nh2 Nxh2 31. Kxh2 Nf6 32. Ne5 Ng4+ 33. Nxg4 hxg4 34. Rc2
Bf3 35. Rxc8 Qxc8 36. Re1 Rd8 37. Be3 Qb7 38. Rc1 e5 39. fxe5 Bxe5 40. Qc4 Bb8
41. Bg5 Bd5 42. Qc2 Be4 43. Qc4 Bd5 44. Qc2 Rf8 45. Bh6 Rd8 46. Bg5 Rf8 47. Bh6
Be4 48. Qf2 Qe7 49. Bxf8 Qxh4+ 0-1

[Event "Madrid 2021-2022 ch - Previa B"]
[Site "Madrid ESP"]
[Date "2022.03.19"]
[Round "7.11"]
[White "Torres Rebolledo, Marcos"]
[Black "Vukotic Jovsic, Dragan"]
[Result "1-0"]
[WhiteElo "1478"]
[BlackElo "1834"]
[PlyCount "75"]
[EventDate "2022.03.03"]
[EventType "swiss"]
[EventRounds "9"]
[EventCountry "ESP"]
[SourceTitle "Ajedrez en Madrid"]
[Source "lmi"]
[SourceDate "2022.03.04"]
[SourceVersion "1"]
[SourceVersionDate "2022.03.24"]
[SourceQuality "1"]

1. d4 c5 2. d5 d6 3. e4 e5 4. c4 f5 5. exf5 Bxf5 6. Bd3 e4 7. Qe2 Qe7 8. Bc2
Nf6 9. Nc3 a6 10. Bg5 Nbd7 11. O-O-O O-O-O 12. f3 exf3 13. Nxf3 Qxe2 14. Nxe2
Bxc2 15. Kxc2 Re8 16. Nf4 Ng4 17. Rde1 Nge5 18. Nxe5 Rxe5 19. Ne6 h6 20. Bf4
Rf5 21. Rhf1 g6 22. g4 Rf6 23. Bg3 Be7 24. Rxf6 Nxf6 25. h3 Kd7 26. Nf4 Rg8 27.
Re6 b5 28. b3 g5 29. Ng2 h5 30. Ne3 hxg4 31. hxg4 Ne8 32. Nf5 Bf8 33. Kd2 Ng7
34. Rg6 bxc4 35. bxc4 Nxf5 36. Rxg8 Nxg3 37. Rxf8 Ne4+ 38. Kd3 1-0

[Event "Madrid 2021-2022 ch - Previa B"]
[Site "Madrid ESP"]
[Date "2022.03.19"]
[Round "7.12"]
[White "Lozano Argueso, Cesar"]
[Black "Bartolome Benito, Alejandro"]
[Result "1-0"]
[WhiteElo "1723"]
[BlackElo "1553"]
[PlyCount "71"]
[EventDate "2022.03.03"]
[EventType "swiss"]
[EventRounds "9"]
[EventCountry "ESP"]
[SourceTitle "Ajedrez en Madrid"]
[Source "lmi"]
[SourceDate "2022.03.04"]
[SourceVersion "1"]
[SourceVersionDate "2022.03.24"]
[SourceQuality "1"]

1. e4 c5 2. Nf3 Nc6 3. d4 cxd4 4. Nxd4 g6 5. c4 Bg7 6. Be3 Nf6 7. Nc3 Ng4 8.
Qxg4 Nxd4 9. Qd1 e5 10. Qd2 O-O 11. Rc1 d6 12. Bg5 f6 13. Bh6 Be6 14. h4 f5 15.
h5 f4 16. Bxg7 Kxg7 17. Ne2 Nxe2 18. Bxe2 g5 19. h6+ Kh8 20. Rd1 Rc8 21. Qb4
Qb6 22. Qxb6 axb6 23. Rxd6 Bxc4 24. Rxb6 Bxa2 25. b3 Rfd8 26. O-O Rc2 27. Bc4
Rd7 28. Re6 Rd8 29. Rxe5 g4 30. Re7 g3 31. fxg3 fxg3 32. Rd7 Re8 33. Rff7 Rc1+
34. Bf1 Bxb3 35. Rxh7+ Kg8 36. Rdg7+ 1-0

[Event "Madrid 2021-2022 ch - Previa B"]
[Site "Madrid ESP"]
[Date "2022.03.19"]
[Round "7.13"]
[White "Cardena Contreras, Javier"]
[Black "Palacios Sanchez, Victor"]
[Result "1-0"]
[WhiteElo "1816"]
[BlackElo "1658"]
[PlyCount "51"]
[EventDate "2022.03.03"]
[EventType "swiss"]
[EventRounds "9"]
[EventCountry "ESP"]
[SourceTitle "Ajedrez en Madrid"]
[Source "lmi"]
[SourceDate "2022.03.04"]
[SourceVersion "1"]
[SourceVersionDate "2022.03.24"]
[SourceQuality "1"]

1. e4 c5 2. Nf3 d6 3. d4 cxd4 4. Nxd4 Nf6 5. Nc3 g6 6. Be2 Bg7 7. O-O O-O 8.
Kh1 Nc6 9. Be3 a6 10. a4 Bd7 11. Qd2 Ng4 12. Nxc6 bxc6 13. Bxg4 Bxg4 14. Bh6
Qb6 15. Bxg7 Kxg7 16. b3 Rfd8 17. a5 Qc7 18. Na4 d5 19. Nb6 Rab8 20. exd5 Kg8
21. Ra4 Be6 22. Qh6 Bxd5 23. Rh4 Qe5 24. Qxh7+ Kf8 25. Qh6+ Qg7 26. Nd7+ 1-0

[Event "Madrid 2021-2022 ch - Previa B"]
[Site "Madrid ESP"]
[Date "2022.03.19"]
[Round "7.14"]
[White "Mata Medina, Andres"]
[Black "Orellana Barrasa, Gonzalo"]
[Result "1-0"]
[WhiteElo "1374"]
[BlackElo "1769"]
[PlyCount "61"]
[EventDate "2022.03.03"]
[EventType "swiss"]
[EventRounds "9"]
[EventCountry "ESP"]
[SourceTitle "Ajedrez en Madrid"]
[Source "lmi"]
[SourceDate "2022.03.04"]
[SourceVersion "1"]
[SourceVersionDate "2022.03.24"]
[SourceQuality "1"]

1. d4 d5 2. e3 Bf5 3. Nf3 e6 4. c3 Nf6 5. Bd3 Bxd3 6. Qxd3 Nbd7 7. Nbd2 c5 8.
O-O c4 9. Qc2 Bd6 10. a4 Qc7 11. e4 dxe4 12. Nxe4 Nxe4 13. Qxe4 Nf6 14. Qh4
O-O-O 15. Bg5 h6 16. Bxf6 gxf6 17. Qxf6 Rhg8 18. Ne5 Bxe5 19. Qxe5 Qc6 20. f3
Rd5 21. Qe4 Qc7 22. f4 Rg4 23. Rf3 Qb6 24. Qe2 Qc7 25. Raf1 Ra5 26. f5 e5 27.
Re3 Rh4 28. g3 Rh3 29. Qg4 exd4 30. f6+ Qd7 31. Re8+ 1-0

[Event "Madrid 2021-2022 ch - Previa B"]
[Site "Madrid ESP"]
[Date "2022.03.19"]
[Round "7.15"]
[White "Villar Grandon, Diego"]
[Black "Enriquez Pastor, Jorge"]
[Result "0-1"]
[WhiteElo "1606"]
[BlackElo "1435"]
[PlyCount "128"]
[EventDate "2022.03.03"]
[EventType "swiss"]
[EventRounds "9"]
[EventCountry "ESP"]
[SourceTitle "Ajedrez en Madrid"]
[Source "lmi"]
[SourceDate "2022.03.04"]
[SourceVersion "1"]
[SourceVersionDate "2022.03.24"]
[SourceQuality "1"]

1. d4 d5 2. c4 c6 3. Nc3 Nf6 4. cxd5 cxd5 5. g3 e6 6. Bg2 Nc6 7. Nf3 a6 8. O-O
Bd6 9. a3 O-O 10. Bg5 h6 11. Bxf6 Qxf6 12. e3 b5 13. b4 Bb7 14. Nd2 Rac8 15.
Rc1 Rc7 16. Nb3 Rfc8 17. Qd3 Ne7 18. Nc5 Qg6 19. Qd2 Nf5 20. a4 bxa4 21. N3xa4
Rb8 22. Rb1 Bxc5 23. dxc5 Bc6 24. Nb6 Bb5 25. Rfc1 Ne7 26. Bf1 Nc6 27. Bxb5
axb5 28. Qe2 Na7 29. Ra1 Qe4 30. Qb2 Nc6 31. Rcb1 Ne5 32. h4 Nf3+ 33. Kf1 Nh2+
34. Ke2 Qf3+ 35. Ke1 Ng4 36. Qe2 Qxe2+ 37. Kxe2 Ne5 38. Ra5 Nc4 39. Rba1 Nxb6
40. Rxb5 Nd7 41. Rxb8+ Nxb8 42. Ra8 Rc8 43. b5 Rd8 44. b6 Nc6 45. b7 Rb8 46.
Rxb8+ Nxb8 47. Kd3 Kf8 48. Kd4 Ke7 49. e4 dxe4 50. Kxe4 f6 51. f4 g6 52. g4 Nc6
53. f5 g5 54. hxg5 hxg5 55. fxe6 Kxe6 56. Kd3 Kd5 57. Ke3 Kxc5 58. Ke4 Kd6 59.
Kf5 Ke7 60. Kg6 Ke6 61. Kg7 f5 62. gxf5+ Kxf5 63. Kf7 Ke5 64. Ke8 Kd6 0-1

[Event "Madrid 2021-2022 ch - Previa B"]
[Site "Madrid ESP"]
[Date "2022.03.19"]
[Round "7.18"]
[White "Muminov, Suhayl"]
[Black "Rebollo Rico, Ignacio"]
[Result "1-0"]
[WhiteElo "1658"]
[BlackElo "1241"]
[PlyCount "95"]
[EventDate "2022.03.03"]
[EventType "swiss"]
[EventRounds "9"]
[EventCountry "ESP"]
[SourceTitle "Ajedrez en Madrid"]
[Source "lmi"]
[SourceDate "2022.03.04"]
[SourceVersion "1"]
[SourceVersionDate "2022.03.24"]
[SourceQuality "1"]

1. e4 e6 2. b3 Nf6 3. Nc3 Bb4 4. Bd3 Bxc3 5. dxc3 Nc6 6. f4 d5 7. e5 Ne4 8.
Bxe4 dxe4 9. Qxd8+ Nxd8 10. Ba3 b6 11. O-O-O Bb7 12. Ne2 Nc6 13. c4 a5 14. Nc3
Nb4 15. Nb5 Rc8 16. Kb1 O-O 17. c3 Nd3 18. Bxf8 Kxf8 19. Rhf1 Nc5 20. g4 g6 21.
h4 Ba8 22. h5 Nd3 23. Kc2 c6 24. Nd6 Rd8 25. Nxe4 c5 26. Nd6 Bg2 27. Kxd3 Bxf1+
28. Rxf1 f6 29. hxg6 Rd7 30. gxh7 Rxh7 31. Rf2 Rh3+ 32. Kd2 Rh7 33. Ne4 Rd7+
34. Ke3 f5 35. gxf5 exf5 36. Nd6 Rh7 37. Nxf5 Rh3+ 38. Kd2 Kf7 39. Ne3 Ke6 40.
Rg2 Rf3 41. Nd5 Kf5 42. Ke2 Rh3 43. a4 Ke4 44. e6 Rh8 45. e7 Kf5 46. Rg5+ Ke6
47. e8=Q+ Rxe8 48. Nc7+ 1-0

[Event "Madrid 2021-2022 ch - Previa B"]
[Site "Madrid ESP"]
[Date "2022.03.19"]
[Round "7.19"]
[White "Sanchez Gonzalez, Samuel"]
[Black "Gonzalez Pena, David I"]
[Result "1-0"]
[WhiteElo "1458"]
[BlackElo "1600"]
[PlyCount "39"]
[EventDate "2022.03.03"]
[EventType "swiss"]
[EventRounds "9"]
[EventCountry "ESP"]
[SourceTitle "Ajedrez en Madrid"]
[Source "lmi"]
[SourceDate "2022.03.04"]
[SourceVersion "1"]
[SourceVersionDate "2022.03.24"]
[SourceQuality "1"]

1. e4 e5 2. Nf3 Nc6 3. d4 exd4 4. c3 Nf6 5. e5 Qe7 6. cxd4 d5 7. Bb5 Ne4 8. O-O
Bd7 9. Nc3 Nxc3 10. bxc3 Nxe5 11. Bxd7+ Kxd7 12. Nxe5+ Kc8 13. Qb3 f6 14. Nd3
Qf7 15. a4 a5 16. Rb1 c6 17. Re1 Bd6 18. Ba3 Bb8 19. Re7 Qh5 20. Qxb7+ 1-0